[Event "Hoogovens"]
[Site "Wijk aan Zee"]
[Date "1977.??.??"]
[Round "1"]
[White "Barczay, Laszlo"]
[Black "Bohm, Hans"]
[Result "0-1"]
[WhiteElo "2470"]
[BlackElo "2445"]

1.e4 Nf6 2.e5 Nd5 3.d4 d6 4.Nf3 g6 5.Ng5 c6 6.h4 dxe5 7.dxe5 Qc7 8.Qe2 h6
9.Nh3 Bg7 10.f4 Be6 11.Na3 Nd7 12.Bd2 O-O-O 13.O-O-O N5b6 14.g3 Rhe8 15.Bg2 f6
16.Rhe1 h5 17.exf6 exf6 18.f5 Bf7 19.Qf2 gxf5 20.Rxe8 Rxe8 21.Nf4 Bf8 22.Bc3 Bc5
23.Bd4 Bxa3 24.bxa3 Nc4 25.Bc3 Re3 26.Rd3 Rxd3 27.cxd3 Nxa3 28.Bh3 Nb5 29.Bb2 Kb8
30.Bxf5 Ne5 31.Qc5 Qd6 32.Ba3 Kc7 33.Qxd6+ Nxd6 34.Be6 Nxd3+ 35.Kd2 Nxf4
36.Bxd6+ Kxd6 37.Bxf7 Ke7 38.Bb3 Ne6 39.Bd1 Ng7 40.Ke3 f5 41.Bf3 Ke6 42.a4 a5
43.Kd4 Kd6 44.Kc4 Ke5 45.Kc5 b5  0-1

[Event "Hoogovens"]
[Site "Wijk aan Zee"]
[Date "1977.??.??"]
[Round "1"]
[White "Sigurjonsson, Gudmundur"]
[Black "Olafsson, Fridrik"]
[Result "1/2-1/2"]
[WhiteElo "2520"]
[BlackElo "2560"]

1.e4 c5 2.Nf3 e6 3.d4 cxd4 4.Nxd4 a6 5.Bd3 Bc5 6.Nb3 Bb6 7.Nc3 Nc6 8.Qe2 Nge7
9.Be3 O-O 10.O-O-O d6 11.f4 Bd7 12.Rhf1 Nb4 13.a3 Nxd3+ 14.Rxd3 Bc7 15.Bd2 Qe8
16.g4 f6 17.h4 b5 18.Rg3  1/2-1/2

[Event "Hoogovens"]
[Site "Wijk aan Zee"]
[Date "1977.??.??"]
[Round "1"]
[White "Sosonko, Gennadi"]
[Black "Nikolac, Juraj"]
[Result "1-0"]
[WhiteElo "2530"]
[BlackElo "2475"]

1.d4 Nf6 2.c4 g6 3.Nc3 d5 4.Nf3 Bg7 5.Qb3 dxc4 6.Qxc4 O-O 7.e4 Nfd7 8.Be3 Nb6
9.Qb3 Nc6 10.Rd1 Bg4 11.d5 Ne5 12.Be2 Nxf3+ 13.gxf3 Bh5 14.Rg1 Qc8 15.Rg3 Kh8
16.Nb5 f5 17.Bd4 f4 18.Bxg7+ Kxg7 19.Rg5 c6 20.dxc6 bxc6 21.Nd4 Kh6 22.Re5 Rb8
23.Qa3 c5 24.Rxc5 Qh3 25.Rc7 Nc8 26.Nc6 Rb6 27.Nxe7 Nxe7 28.Qxe7 Rff6 29.Rd5  1-0

[Event "Hoogovens"]
[Site "Wijk aan Zee"]
[Date "1977.??.??"]
[Round "2"]
[White "Kurajica, Bojan"]
[Black "Sigurjonsson, Gudmundur"]
[Result "1/2-1/2"]
[WhiteElo "2530"]
[BlackElo "2520"]

1.e4 c5 2.Nc3 d6 3.f4 Nc6 4.Nf3 Nf6 5.Bb5 Bd7 6.O-O e6 7.e5 dxe5 8.fxe5 Nd5
9.Ne4 Be7 10.d3 O-O 11.Bxc6 Bxc6 12.a3  1/2-1/2

[Event "Hoogovens"]
[Site "Wijk aan Zee"]
[Date "1977.??.??"]
[Round "3"]
[White "Geller, Efim P"]
[Black "Barczay, Laszlo"]
[Result "1-0"]
[WhiteElo "2590"]
[BlackElo "2470"]

1.e4 c5 2.Nf3 d6 3.d4 cxd4 4.Nxd4 Nf6 5.Nc3 a6 6.Be2 e6 7.O-O Nbd7 8.a4 b6
9.f4 Bb7 10.Bf3 Rc8 11.Qe1 Qc7 12.Kh1 h5 13.Be3 Be7 14.Rd1 Ng4 15.Bg1 g5
16.fxg5 Nde5 17.h4 Ba8 18.Nce2 Ng6 19.b3 Bf8 20.c4 Bg7 21.g3 Qb7 22.Nf4 N6e5
23.Bg2  1-0

[Event "Hoogovens"]
[Site "Wijk aan Zee"]
[Date "1977.??.??"]
[Round "5"]
[White "Geller, Efim P"]
[Black "Bohm, Hans"]
[Result "1/2-1/2"]
[WhiteElo "2590"]
[BlackElo "2445"]

1.e4 d6 2.d4 Nf6 3.Nc3 g6 4.Nf3 Bg7 5.Be2 O-O 6.O-O Nbd7 7.e5 Ne8 8.Re1 c5
9.dxc5 Nxc5 10.Bg5 h6 11.Be3 Ne6 12.Qd2 dxe5 13.Bxh6 Qxd2 14.Bxd2 N8c7 15.Bd3 Nc5
16.Nxe5 Nxd3 17.Nxd3 Re8 18.Bf4 Bxc3 19.bxc3 Nd5 20.Bg5 Bf5 21.c4 Nf6 22.f3 Rac8
23.g4 Be6 24.c5 Nd7  1/2-1/2

[Event "Hoogovens"]
[Site "Wijk aan Zee"]
[Date "1977.??.??"]
[Round "5"]
[White "Olafsson, Fridrik"]
[Black "Timman, Jan H"]
[Result "1-0"]
[WhiteElo "2560"]
[BlackElo "2590"]

1.d4 Nf6 2.Nf3 b6 3.c4 e6 4.g3 Ba6 5.Qa4 Qe7 6.a3 Qd6 7.Nbd2 c5 8.e4 Qc6
9.Qxc6 Nxc6 10.d5 Nd4 11.Nxd4 cxd4 12.b4 e5 13.Bd3 Rc8 14.Ke2 h5 15.h3 h4
16.g4 Be7 17.f4 d6 18.a4 Bd8 19.a5 bxa5 20.b5 Bb7 21.Nb3 a6 22.Nxa5 Bxa5
23.Rxa5 axb5 24.cxb5 O-O 25.fxe5 dxe5 26.Ba3 Ra8 27.Bb4 Rxa5 28.Bxa5 Ra8
29.Bd2 Ra2 30.Rc1 Ne8 31.Rc2 Ra3 32.Bb4 Ra8 33.Be7 Bc8 34.b6 f6 35.d6 Kf7
36.Bb5 Be6 37.b7 Rb8 38.Ba6 Bd7 39.Rc8  1-0

[Event "Hoogovens"]
[Site "Wijk aan Zee"]
[Date "1977.??.??"]
[Round "5"]
[White "Kurajica, Bojan"]
[Black "Nikolac, Juraj"]
[Result "1-0"]
[WhiteElo "2530"]
[BlackElo "2475"]

1.e4 e5 2.Nf3 Nc6 3.Bb5 a6 4.Ba4 Nf6 5.O-O Be7 6.Re1 b5 7.Bb3 d6 8.c3 O-O
9.h3 Nd7 10.d4 Nb6 11.Nbd2 exd4 12.cxd4 d5 13.Bc2 Be6 14.a3 Qd7 15.b3 f5
16.exf5 Bxf5 17.Bb2 Rf6 18.Bxf5 Qxf5 19.Rc1 Bf8 20.Qc2 Qh5 21.Nf1 Nd7 22.Ng3 Qh6
23.Nh2 Qg5 24.Qe2 Rg6 25.Qf3 Nb6 26.Ng4 a5 27.Qd3 Rb8 28.Rc2 a4 29.Qxb5 Nc4
30.Qxa4 Nb6 31.Qa6 h5 32.Bc1 Qd8 33.Qd3 Ne7 34.Nxh5 Qd6 35.Bf4 Qxa3 36.Rxe7  1-0

[Event "Hoogovens"]
[Site "Wijk aan Zee"]
[Date "1977.??.??"]
[Round "6"]
[White "Barczay, Laszlo"]
[Black "Sigurjonsson, Gudmundur"]
[Result "1/2-1/2"]
[WhiteElo "2470"]
[BlackElo "2520"]

1.e4 g6 2.d4 Bg7 3.Nc3 d6 4.Nf3 Nf6 5.Be2 O-O 6.O-O Bg4 7.Be3 Nc6 8.Qd2 e5
9.d5 Ne7 10.Rad1 Bxf3 11.Bxf3 Nd7 12.g3 f5 13.exf5 Nxf5 14.Bg2 Nf6 15.Bg5 h6
16.Bxf6 Qxf6 17.Ne4 Qe7 18.c3 h5 19.Qe2 Bh6 20.a4 a5 21.Rfe1  1/2-1/2

[Event "Hoogovens"]
[Site "Wijk aan Zee"]
[Date "1977.??.??"]
[Round "7"]
[White "Kurajica, Bojan"]
[Black "Ligterink, Gert"]
[Result "1-0"]
[WhiteElo "2530"]
[BlackElo "2430"]

1.e4 d6 2.d4 Nf6 3.Nc3 g6 4.f3 c6 5.Be3 b5 6.Qd2 Nbd7 7.g4 Nb6 8.h4 h5 9.g5 Nfd7
10.a4 Nc4 11.Bxc4 bxc4 12.Qe2 Ba6 13.b4 Bg7 14.Qd2 O-O 15.Nge2 Bb7 16.a5 d5
17.e5 Nb8 18.f4 Bc8 19.Rg1 Bf5 20.Ng3 Qd7 21.Nxf5 Qxf5 22.Ne2 Na6 23.Ng3 Qg4
24.c3 Nc7 25.f5 gxf5 26.Qe2 e6 27.Nxh5 Qxe2+ 28.Kxe2 Nb5 29.Bd2 Kh7 30.Nf4 Nc7
31.h5 Rab8 32.g6+ fxg6 33.Rxg6 Rbe8 34.Nh3  1-0

[Event "Hoogovens"]
[Site "Wijk aan Zee"]
[Date "1977.??.??"]
[Round "7"]
[White "Sosonko, Gennadi"]
[Black "Bohm, Hans"]
[Result "1/2-1/2"]
[WhiteElo "2530"]
[BlackElo "2445"]

1.d4 e6 2.c4 b6 3.e4 Bb7 4.f3 Bb4+ 5.Bd2 Qh4+ 6.g3 Bxd2+ 7.Qxd2 Qh6 8.Nc3 Qxd2+
9.Kxd2 d6 10.Bd3 Ne7 11.f4 Na6 12.Nf3 f6 13.a3 O-O-O 14.b4 c5 15.Rab1 h6
16.d5 Nc7 17.dxe6 Nxe6 18.b5 Rde8 19.Rhe1 g5 20.Nd5 gxf4 21.Nxf6 Ref8 22.Nd5 Nxd5
23.exd5 Ng5 24.Nh4 fxg3 25.hxg3 Kd8 26.Kc3 Rf6 27.Rf1 Rhf8 28.Nf5 Re8 29.Rbe1 Bc8
30.Rxe8+ Kxe8 31.Re1+ Kd8 32.Ne7 Bd7 33.Nc6+ Bxc6 34.bxc6 Nf7 35.Rf1 Rxf1
36.Bxf1 Ne5 37.Kd2 Ng4 38.Be2 Nf6 39.Ke3 Ne8 40.Kf4 Ng7 41.Bd3 a6 42.a4 Ne8
43.Kf5 Nc7 44.g4 b5 45.axb5 axb5 46.Kg6 bxc4 47.Bxc4 Na8 48.Kxh6 Nb6 49.Ba2 c4
50.g5 c3 51.Bb1 Nxd5 52.g6 Ne7 53.Kg5 Kc7 54.Kf6 Nxg6  1/2-1/2

[Event "Hoogovens"]
[Site "Wijk aan Zee"]
[Date "1977.??.??"]
[Round "7"]
[White "Olafsson, Fridrik"]
[Black "Barczay, Laszlo"]
[Result "1-0"]
[WhiteElo "2560"]
[BlackElo "2470"]

1.Nf3 Nf6 2.c4 g6 3.g3 Bg7 4.Bg2 O-O 5.O-O d6 6.d4 Nbd7 7.Qc2 Re8 8.Rd1 c6
9.e4 e5 10.Nc3 exd4 11.Nxd4 Ng4 12.h3 Nge5 13.b3 Nc5 14.Be3 Qc7 15.Rd2 a5
16.Rad1 Bf8 17.Re2 Qb6 18.Rb1 Bg7 19.f4 Ned3 20.Kh2 h5 21.Qd2 h4 22.g4 Qc7
23.Kh1 Ra6 24.a3 Rb6 25.Nc2 g5 26.f5 Qe7 27.b4 axb4 28.axb4 Nf4 29.Bxf4 gxf4
30.e5 dxe5 31.bxc5 Rxb1+ 32.Nxb1 Rd8 33.Qe1 Qxc5 34.Nd2 Rd3 35.Ne4 Qxc4 36.Rd2 Rxd2
37.Qxd2 Bf8 38.Qd8 f3 39.Nf6+ Kg7 40.Nh5+ Kh7 41.Qxc8  1-0

[Event "Hoogovens"]
[Site "Wijk aan Zee"]
[Date "1977.??.??"]
[Round "7"]
[White "Nikolac, Juraj"]
[Black "Timman, Jan H"]
[Result "0-1"]
[WhiteElo "2475"]
[BlackElo "2590"]

1.Nf3 g6 2.g3 Bg7 3.Bg2 e5 4.e4 Nc6 5.O-O Nge7 6.c4 d6 7.h3 O-O 8.d3 f5 9.Nc3 h6
10.Nd5 Nxd5 11.cxd5 Ne7 12.Bd2 c6 13.Qb3 c5 14.a4 Rf7 15.Nh2 f4 16.g4 Bf6
17.Rfc1 a5 18.Kf1 h5 19.Bf3 Rh7 20.Ke2 Kf8 21.Rg1 Bh4 22.Bc3 b6 23.Nf1 hxg4
24.hxg4 Ng8 25.Nd2 Raa7 26.Rh1 Nh6 27.Rag1 Rab7 28.Nc4 Nf7 29.Rg2 Ng5 30.Qd1 Rh6
31.Qg1 Rbh7 32.Rgh2 Ke8 33.Qg2 Kd7 34.Kd2 Kc7 35.Kc2 Nxf3 36.Qxf3 Qd7 37.b3 Qxg4
38.Qxg4 Bxg4 39.Rg1 Bd7 40.Nxe5 dxe5 41.Bxe5+ Kb7 42.Bxf4 g5 43.Be3 Rh5 44.Kd2 g4
45.Rgh1 Be8 46.Rg1 Bf6 47.Rxh5 Bxh5 48.Rh1 Be5 49.Rh4 Kc7 50.Bg5 Kd7 51.Ke1 Ke8
52.Kf1 Kf7 53.Kg2 Kg6 54.Be3 Rf7 55.Rh1 g3 56.f4 Bxf4 57.Bxf4 Rxf4 58.Kxg3 Rf3+
59.Kh4 Rxd3 60.Rg1+ Kh6 61.Rg8 Bg6 62.Rb8 Bxe4 63.Rxb6+ Kg7 64.Rb5 Rxd5 65.Rxa5 Kf6
66.Rb5 Ke5 67.Kg4 Kd4 68.a5 Rd6 69.Kf4 Rf6+ 70.Kg5 Ra6 71.Kf4 Bd3 72.Rb8 Kc3
73.Ke5 Rxa5 74.Kd6 Bc2  0-1

[Event "Hoogovens"]
[Site "Wijk aan Zee"]
[Date "1977.??.??"]
[Round "8"]
[White "Barczay, Laszlo"]
[Black "Kurajica, Bojan"]
[Result "1/2-1/2"]
[WhiteElo "2470"]
[BlackElo "2530"]

1.e4 e5 2.Nf3 Nc6 3.d4 exd4 4.Nxd4 Nf6 5.Nc3 Bb4 6.Nxc6 bxc6 7.Bd3 d5 8.exd5 cxd5
9.O-O O-O 10.Bg5 c6 11.Qf3 Bd6  1/2-1/2

[Event "Hoogovens"]
[Site "Wijk aan Zee"]
[Date "1977.??.??"]
[Round "8"]
[White "Ligterink, Gert"]
[Black "Nikolac, Juraj"]
[Result "1/2-1/2"]
[WhiteElo "2430"]
[BlackElo "2475"]

1.e4 c6 2.d4 d5 3.exd5 cxd5 4.c4 Nf6 5.Nc3 Nc6 6.Nf3 Bg4 7.cxd5 Nxd5 8.Qb3 Bxf3
9.gxf3 e6 10.Qxb7 Nxd4 11.Bb5+ Nxb5 12.Qc6+ Ke7 13.Qxb5 Qd7 14.Nxd5+ Qxd5
15.Qxd5 exd5 16.Be3 Ke6 17.Bd4 Bb4+ 18.Ke2 Rhc8 19.Rac1 f6 20.Kd3 a5 21.h4 h5
22.Rhg1 Kf7 23.Bb6 Rab8 24.Rxc8 Rxc8 25.a3 Bd6 26.Bxa5 Rc4 27.Rh1 Bc5 28.b4 Bxf2
29.b5 Bc5 30.Bc7 Ra4 31.Ra1 Ke6 32.b6 Kd7 33.Rb1 Rxa3+ 34.Kd2 Rxf3 35.b7 Ba7
36.b8=Q Bxb8 37.Bxb8 Ke6 38.Rg1 Rb3 39.Ba7 Kf7 40.Bf2 Rf3 41.Ke2 Rb3 42.Be3 Rb7
43.Kf3 Ke6 44.Kf4 Rb4+ 45.Kf3 Kf7 46.Bf2 Re4 47.Rg2 Rc4 48.Rg1 Rb4 49.Rd1 Rb3+
50.Kf4 Rb2 51.Kf3 Rb5 52.Rg1 g6 53.Kf4 Rb4+ 54.Kf3 Rc4 55.Rg2 Rc3+ 56.Kf4 Rh3
57.Rg1 Rd3 58.Ra1  1/2-1/2

[Event "Hoogovens"]
[Site "Wijk aan Zee"]
[Date "1977.??.??"]
[Round "8"]
[White "Miles, Anthony J"]
[Black "Olafsson, Fridrik"]
[Result "1/2-1/2"]
[WhiteElo "2555"]
[BlackElo "2560"]

1.c4 Nf6 2.Nf3 e6 3.g3 d5 4.Bg2 dxc4 5.Qa4+ Nbd7 6.Qxc4 c5 7.d4 a6 8.dxc5 Bxc5
9.Nd4 Qb6 10.e3 Ne5 11.Qe2 Bd7 12.Nc3 O-O 13.O-O Rfd8 14.Rd1 Be8 15.Bd2 Rac8
16.Be1 Be7 17.Rac1  1/2-1/2

[Event "Hoogovens"]
[Site "Wijk aan Zee"]
[Date "1977.??.??"]
[Round "9"]
[White "Timman, Jan H"]
[Black "Ligterink, Gert"]
[Result "1-0"]
[WhiteElo "2590"]
[BlackElo "2430"]

1.d4 Nf6 2.c4 e6 3.Nc3 Bb4 4.Bg5 h6 5.Bh4 c5 6.d5 b5 7.e3 Bb7 8.dxe6 fxe6
9.cxb5 O-O 10.Nf3 Qa5 11.Bxf6 Rxf6 12.Qd2 a6 13.bxa6 Bxf3 14.gxf3 Nc6 15.Be2 d5
16.a3 d4 17.Qc1 Bxc3+ 18.bxc3 Rd8 19.Qc2 c4 20.exd4 Nxd4 21.Qb2 Nxe2 22.Kxe2 Qd5
23.Rhd1 Qxf3+ 24.Ke1 Qh1+ 25.Ke2 Qe4+ 26.Kf1 Rxd1+ 27.Rxd1 Qh1+ 28.Ke2 Rxf2+
29.Kxf2 Qxh2+ 30.Kf1 Qxb2 31.a7  1-0

[Event "Hoogovens"]
[Site "Wijk aan Zee"]
[Date "1977.??.??"]
[Round "9"]
[White "Kavalek, Lubomir"]
[Black "Bohm, Hans"]
[Result "1-0"]
[WhiteElo "2545"]
[BlackElo "2445"]

1.e4 Nf6 2.e5 Nd5 3.d4 d6 4.Nf3 g6 5.Bc4 c6 6.h3 Bg7 7.exd6 Qxd6 8.O-O O-O
9.Nbd2 Bf5 10.Re1 Nd7 11.Bb3 h6 12.Nh4 Bxd4 13.Ne4 Bxe4 14.Qxd4 N5f6 15.Rxe4 Nxe4
16.Qxe4 Nc5 17.Qe2 Nxb3 18.axb3 h5 19.Bg5 e5 20.Rd1 Qe6 21.f4 f6 22.Bh6 Rf7
23.f5 gxf5 24.Qxh5 Rh7 25.Qg6+ Kh8 26.Bg5 Rf8 27.Nxf5 Qf7 28.Bxf6+ Qxf6 29.Qxf6+ Rxf6
30.Rd8+  1-0

[Event "Hoogovens"]
[Site "Wijk aan Zee"]
[Date "1977.??.??"]
[Round "9"]
[White "Nikolac, Juraj"]
[Black "Barczay, Laszlo"]
[Result "1-0"]
[WhiteElo "2475"]
[BlackElo "2470"]

1.Nf3 Nf6 2.g3 g6 3.Bg2 Bg7 4.O-O O-O 5.d3 c5 6.e4 d6 7.Nbd2 Nc6 8.c3 Rb8
9.a4 a6 10.h3 b5 11.axb5 axb5 12.d4 Nd7 13.d5 Na5 14.Nb3 Nc4 15.Qe2 Ndb6
16.Nbd2 Bd7 17.Nxc4 Nxc4 18.Bf4 Qc7 19.Rfd1 Ra8 20.g4 Rxa1 21.Rxa1 e5 22.dxe6 fxe6
23.Bg3 e5 24.b3 Nb6 25.Ne1 Bc6 26.Nc2 Bf6 27.Qd2 Be7 28.h4 Qd7 29.Ne3 Ra8
30.Rxa8+ Bxa8 31.Qb2 Bc6 32.g5 Qb7 33.Qa3 Bd7 34.Bf1 Qc6 35.Qa7 Bd8 36.Nd5 Nxd5
37.exd5 Qc8 38.Bd3 Be8 39.Kh2 Qd7 40.Qa8 Be7 41.Bf1 Kf8 42.Bh3 Qd8 43.Qa7 Bf7
44.Qb7 Be8 45.b4 c4 46.Be6 Kg7 47.f4 exf4 48.Bxf4 Bf7 49.Qxb5 Qc7 50.Kg2 Qa7
51.Qxc4 Bxe6 52.dxe6 Qb7+ 53.Kg3 Qh1 54.Be3 h5 55.Bd4+ Kh7 56.Bf2 Qd1 57.Qf4  1-0

[Event "Hoogovens"]
[Site "Wijk aan Zee"]
[Date "1977.??.??"]
[Round "10"]
[White "Bohm, Hans"]
[Black "Ligterink, Gert"]
[Result "1-0"]
[WhiteElo "2445"]
[BlackElo "2430"]

1.d4 Nf6 2.c4 g6 3.Nc3 Bg7 4.e4 d6 5.Nf3 O-O 6.Be2 e5 7.dxe5 dxe5 8.Qxd8 Rxd8
9.Bg5 Re8 10.Nd5 Nxd5 11.cxd5 c6 12.Bc4 cxd5 13.Bxd5 Nd7 14.Nd2 h6 15.Be3 Nf6
16.Bb3 Be6 17.f3 Bxb3 18.Nxb3 Rec8 19.O-O Nd7 20.Rac1 Nb6 21.Na5 Na4 22.b3 Nc3
23.Rf2 b6 24.Rfc2 Ne2+ 25.Rxe2 Rxc1+ 26.Bxc1 bxa5 27.Rc2 Bf8 28.Kf1 Rd8 29.Ke2 h5
30.Rc7 Bd6 31.Rxa7 Rc8 32.Kd1 Bb4 33.Rd7 Kf8 34.Rd5 f6 35.a3 Bc3 36.Rd7 Rb8
37.Rc7 Bd4 38.Kc2 Bb6 39.Rc6 Ke7 40.Bd2 Bd8 41.Ra6  1-0

[Event "Hoogovens"]
[Site "Wijk aan Zee"]
[Date "1977.??.??"]
[Round "10"]
[White "Geller, Efim P"]
[Black "Kurajica, Bojan"]
[Result "1-0"]
[WhiteElo "2590"]
[BlackElo "2530"]

1.e4 e5 2.Nf3 Nc6 3.Bb5 a6 4.Ba4 Nf6 5.O-O Nxe4 6.d4 Be7 7.Re1 f5 8.dxe5 O-O
9.Bb3+ Kh8 10.Nc3 Nxc3 11.bxc3 h6 12.a4 a5 13.Rb1 b6 14.Bd5 Bb7 15.Nd4 Rb8
16.Nb5 Bc5 17.Qh5 Qe8 18.Qxe8 Rfxe8 19.Nxc7 Rxe5 20.Bf4 Rxe1+ 21.Rxe1 g5
22.Na6 Rc8 23.Nxc5 bxc5 24.Bd6 Kh7 25.c4 Ba6 26.c3 Kg6 27.f3 h5 28.h4 gxh4
29.Kh2 Nd8 30.Rb1 Rc6 31.Be7 Ne6 32.Bxc6 dxc6 33.Rb6 Bxc4 34.Rxc6 Kf7 35.Bxh4 Bb3
36.Ra6 Bxa4 37.Rxa5 Bc2 38.Bf2 c4 39.Kg3 Bd3 40.Be3 Kg6 41.Kh4 Bf1 42.Ra1 f4
43.Bd4 Bd3 44.Ra6 Kf5 45.Kxh5 Nxd4 46.cxd4  1-0

[Event "Hoogovens"]
[Site "Wijk aan Zee"]
[Date "1977.??.??"]
[Round "10"]
[White "Miles, Anthony J"]
[Black "Nikolac, Juraj"]
[Result "0-1"]
[WhiteElo "2555"]
[BlackElo "2475"]

1.c4 Nf6 2.Nc3 e5 3.Nf3 Nc6 4.e3 Bb4 5.Qc2 O-O 6.Nd5 Re8 7.Bd3 g6 8.a3 Bf8
9.Nxf6+ Qxf6 10.Be4 d6 11.b4 Qe7 12.Bb2 Bg7 13.O-O Bg4 14.d3 Nd8 15.Nd2 f5
16.Bd5+ Kh8 17.c5 c6 18.cxd6 Qxd6 19.Bf3 Bxf3 20.Nxf3 Ne6 21.Bc3 Nc7 22.Rac1 Nd5
23.Bb2 Rad8 24.Rfd1 Qe6 25.Qc4 Nb6 26.Qxe6 Rxe6 27.e4 Bf6 28.Kf1 Kg7 29.Re1 Rxd3
30.exf5 gxf5 31.Nd4 Re8 32.Re3 e4 33.Nxf5+ Kg6 34.Bxf6 Kxf5 35.Rxd3 exd3
36.Bd4 Nc4 37.Rd1 d2 38.Bc3 Rd8 39.Ke2 Re8+ 40.Kd3 b5 41.a4 Rg8 42.axb5 cxb5
43.g3 Kg4 44.f4 Kf3 45.Rf1+ Kg2 46.Rd1 Kxh2 47.f5 Rxg3+ 48.Kd4 Rg1 49.Rxd2+ Nxd2
50.Bxd2 Rd1 51.Ke3 Rf1 52.Ke4 Kg3 53.Ke5 Kg4 54.f6 Kh5 55.Ke6 Kg6  0-1

[Event "Hoogovens"]
[Site "Wijk aan Zee"]
[Date "1977.??.??"]
[Round "11"]
[White "Ligterink, Gert"]
[Black "Barczay, Laszlo"]
[Result "1/2-1/2"]
[WhiteElo "2430"]
[BlackElo "2470"]

1.e4 c5 2.Nf3 d6 3.d4 cxd4 4.Nxd4 Nf6 5.Nc3 a6 6.Bg5 e6 7.f4 Qb6 8.Qd2 Qxb2
9.Nb3 Nc6 10.Bxf6 gxf6 11.Na4 Qa3 12.Nb6 Rb8 13.Nc4 Qa4 14.Kf2 e5 15.Bd3 Be6
16.Nb6 Qb4 17.Qxb4 Nxb4 18.f5 Bd7 19.a3 Nxd3+ 20.cxd3 Bc6 21.Rhc1 Be7 22.Na5 Bd8
23.Nac4 Bxb6+ 24.Nxb6 O-O 25.Rab1  1/2-1/2

[Event "Hoogovens"]
[Site "Wijk aan Zee"]
[Date "1977.??.??"]
[Round "11"]
[White "Sigurjonsson, Gudmundur"]
[Black "Bohm, Hans"]
[Result "1/2-1/2"]
[WhiteElo "2520"]
[BlackElo "2445"]

1.e4 d6 2.d4 e5 3.dxe5 dxe5 4.Qxd8+ Kxd8 5.Bc4 f6 6.Be3 c6 7.Nd2 Nd7 8.Ne2 Bc5
9.Bxc5 Nxc5 10.a4 Be6 11.Bxe6 Nxe6 12.O-O-O  1/2-1/2

[Event "Hoogovens"]
[Site "Wijk aan Zee"]
[Date "1977.??.??"]
[Round "11"]
[White "Olafsson, Fridrik"]
[Black "Kavalek, Lubomir"]
[Result "1/2-1/2"]
[WhiteElo "2560"]
[BlackElo "2545"]

1.Nf3 Nf6 2.c4 c5 3.g3 g6 4.Bg2 Bg7 5.O-O O-O 6.Nc3 d5 7.cxd5 Nxd5 8.Nxd5 Qxd5
9.d3 Nc6 10.Be3 Bd7 11.Nd4 Qd6 12.Nxc6 Bxc6 13.Bxc6 Qxc6  1/2-1/2

[Event "Hoogovens"]
[Site "Wijk aan Zee"]
[Date "1977.??.??"]
[Round "11"]
[White "Kurajica, Bojan"]
[Black "Sosonko, Gennadi"]
[Result "1/2-1/2"]
[WhiteElo "2530"]
[BlackElo "2530"]

1.e4 c5 2.Nc3 g6 3.h4 h5 4.Nf3 Bg7 5.a3 Nf6 6.Bc4 Nc6 7.d3 d6 8.Ng5 O-O 9.Bf4 e6
10.Ba2 d5 11.O-O d4 12.Nb1 Nh7 13.Nd2 e5 14.Nxh7 Kxh7 15.Bg3 Qe7  1/2-1/2